01007nam a2200229 i 4500001000700000003000900007005001700016008004100033080001800074080002100092100003600113245015000149260013800299300002100437502004300458650003400501650003400535710003600569852002600605999001900631952012700650180427ES-MaACL20250814080957.0120601s1969 sp |||| | spa d a551.78(043.2) a56(467.1)(043.2)1 aFerrer Modolell, Jorge.915031510aBioestratigrafía y micropaleontología del Paleoceno y Eoceno del borde sud-oriental de la depresión del Ebro / cpor Jorge Ferrer Modolell. aBarcelona : bUniversidad de Barcelona, Secretariado de Publicaciones, Intercambio Científico y Extensión Universitaria], c1969. a20 p. ; c24 cm. aTesis-Universidad Barcelona (Extracto) 4aMicropaleontología.915031607aPaleontología2embne9158082 aUniversidad de Barcelona.97141 aES-MaACLjE-15362(22) c180427d180427 00104070aATENEOMbATENEOMcDEPO2d2012-06-01eDONl0oE-15362(22)p1189583r2023-02-23 00:00:00w2023-02-23yMONOGRAFIA